| 000 | 00846nam a2200265Ia 4500 | ||
|---|---|---|---|
| 005 | 20220316235739.0 | ||
| 008 | 121119s2001 mx a gr 000 0 spa | ||
| 020 | _a9706252606 | ||
| 041 | 0 | _aspa | |
| 082 | 0 | 4 |
_a636.592 _bC25c |
| 110 | 2 |
_aCentro de Estudios Agropecuarios _97189 |
|
| 245 | 1 | 0 |
_aCrianza de pavos _cCentro de Estudios Agropecuarios |
| 250 | _aPrimera edición | ||
| 300 |
_a75 páginas _bilustraciones _c23 cm |
||
| 490 | 0 | _aAgronegocios | |
| 650 | 1 | 4 |
_aPavos _xAlimentación y alimentos _2LEMB |
| 650 | 1 | 4 |
_aPavos _xCría y desarrollo _2LEMB |
| 650 | 1 | 4 |
_aPavos _xEnfermedades _2LEMB |
| 942 |
_2ddc _cBK |
||
| 264 |
_aMéxico _bGrupo Editorial Iberoamérica _c2001 |
||
| 336 |
_atexto _btxt _2rdacontent |
||
| 337 |
_asin mediación _bn _2rdamedia |
||
| 338 |
_avolumen _bnc _2rdacarrier |
||
| 040 |
_aCO-BoRNBP _bspa _erda _cCO-BoRNBP |
||
| 999 |
_c2027 _d2027 |
||